Manga Seinen #1 - Statistiques

Statistiques générales
  • Ce quiz a été pris 325 fois
  • Le résultat moyen est 9 sur 16
Statistiques - réponses
Par images Réponse % Correct
Berserk
98%
Vinland Saga
96%
Kingdom
89%
Parasite
88%
Monster
84%
Vagabond
76%
Erased
67%
Akira
60%
Rainbow
46%
Ascension
45%
Dorohedoro
43%
Gantz
40%
Gannibal
23%
Ikigami
17%
Shigurui
10%
Battle Royale
7%
Aucun quiz correspondant
Distribution des résultats
% des personnes avec chaque résultat
Percentile par nombre de réponses
Votre historique - résultats
Vous n’avez pas pris ce quiz